| 000 | 01346cam a2200337 4500 | ||
|---|---|---|---|
| 999 |
_c28773 _d28744 |
||
| 001 | 782520 | ||
| 003 | EG-ScBUE | ||
| 005 | 20200922105746.0 | ||
| 008 | 730501s1972 enkabk f b 001 0 eng d | ||
| 020 | _a0140802517 | ||
| 040 |
_aDLC _beng _erda _cDLC _dDLC _dEG-ScBUE |
||
| 082 | 0 | 4 |
_a371.3 _bTAY _222 |
| 100 | 1 |
_aTaylor, John Laverack, _d1937- _eauthor. |
|
| 245 | 1 | 0 |
_aSimulation in the classroom: _ban introduction to role-play, games and simulation in education with six established games described in detail and a directory of published material / _cJohn L. Taylor and Rex Walford. |
| 264 | 1 |
_aMiddlesex, England : _bPenguin Books, _c1972. |
|
| 300 |
_a190 pages : _billustrations, forms, maps ; _c18 cm. |
||
| 336 |
_2rdacontent _atext _btxt |
||
| 337 |
_2rdamedia _aunmediated _bn |
||
| 338 |
_2rdacarrier _avolume _bnc |
||
| 350 | _a£0.45 | ||
| 490 | 0 |
_aPenguin education. _aPenguin papers in education |
|
| 500 | _aEdition of 1978 published under title: Learning and the simulation game. | ||
| 504 | _aIncludes bibliographical references and index. | ||
| 650 | 7 |
_aSimulation games in education. _2BUEsh |
|
| 650 | 7 |
_aEducational games. _2BUEsh |
|
| 653 |
_bGGEN _cSeptember2020 |
||
| 655 |
_vReading book _934232 |
||
| 700 | 1 |
_aWalford, Rex, _ejoint author. |
|
| 906 |
_a7 _bcbc _corignew _d3 _encip _f19 _gy-gencatlg |
||
| 942 |
_2ddc _cBB |
||